Statistics for Overseas Territories within the Americas

Click here to take the quiz!

General Stats

  • This quiz has been taken 32 times
  • The average score is 19 of 26

Answer Stats

CountrySizeTerritory% Correct
Kingdom of the Netherlands180 km2Aruba
90%
The United Kingdom264 km2Cayman Islands
90%
Kingdom of the Netherlands444 km2Curaçao
90%
The United States9,104 km2Puerto Rico
90%
Kingdom of the Netherlands34 km2Sint Maarten
90%
The United States346 km2U.S. Virgin Islands
90%
The United Kingdom53 km2Bermuda
86%
The United Kingdom153 km2British Virgin Islands
86%
Denmark2,166,086 km2Greenland
86%
France53 km2Saint Martin
86%
Kingdom of the Netherlands294 km2Bonaire
83%
France83,534 km2French Guiana
83%
France1,128 km2Martinique
83%
France1,628 km2Guadeloupe
76%
The United Kingdom616 km2Turks and Caicos Islands
76%
The United Kingdom102 km2Montserrat
72%
The United Kingdom91 km2Anguilla
69%
France25 km2Saint Barthélemy
66%
The United Kingdom12,200 km2Falkland Islands
62%
Kingdom of the Netherlands13 km2Saba
62%
Kingdom of the Netherlands21 km2Sint Eustatius
59%
France242 km2Saint Pierre and Miquelon
52%
The United Kingdom3,903 km2South Georgia Island
38%
The United Kingdom3,903 km2South Sandwich Islands
38%
France6 km2Clipperton Island
28%
The United States5 km2Navassa Island
28%

Score Distribution

Percentile by Number Answered

Percent of People with Each Score

Your Score History

You have not taken this quiz